[Event "DEM U18w 2025"]
[Site "Willingen GER"]
[Date "2025.06.11"]
[Round "5"]
[White "Wilmink, Anna"]
[Black "Trunz, Michelle"]
[Result "1/2-1/2"]
[Termination "normal"]
[Board "4"]
[WhiteTitle "WCM"]
[BlackTitle "WFM"]
[WhiteElo "1995"]
[BlackElo "2061"]
[WhiteClock "00:10:52"]
[BlackClock "00:06:40"]
[PlyCount "69"]
[WhiteFideId "16273680"]
[BlackFideId "16227980"]
[EventCountry "GER"]
[EventRounds "9"]
[EventType "swiss"]
[EventDate "2025.06.07"]

1. e4 {[%clk 01:30:57]} {[%emt 00:00:03]} c5 {[%clk 01:30:56]} {[%emt
00:00:04]} 2. Nf3 {[%clk 01:31:23]} {[%emt 00:00:05]} e6 {[%clk 01:31:21]}
{[%emt 00:00:05]} 3. d4 {[%clk 01:31:42]} {[%emt 00:00:10]} cxd4 {[%clk
01:31:45]} {[%emt 00:00:05]} 4. Nxd4 {[%clk 01:32:06]} {[%emt 00:00:06]} Nf6
{[%clk 01:32:05]} {[%emt 00:00:11]} 5. Nc3 {[%clk 01:32:08]} {[%emt 00:00:28]}
Nc6 {[%clk 01:32:30]} {[%emt 00:00:04]} 6. Ndb5 {[%clk 01:30:54]} {[%emt
00:01:45]} Bc5 {[%clk 01:32:52]} {[%emt 00:00:07]} 7. Nd6+ {[%clk 01:30:56]}
{[%emt 00:00:29]} Ke7 {[%clk 01:33:09]} {[%emt 00:00:12]} 8. Bf4 {[%clk
01:30:46]} {[%emt 00:00:40]} e5 {[%clk 01:32:28]} {[%emt 00:01:11]} 9. Nf5+
{[%clk 01:31:08]} {[%emt 00:00:09]} Kf8 {[%clk 01:32:47]} {[%emt 00:00:11]} 10.
Bg5 {[%clk 01:30:45]} {[%emt 00:00:53]} d6 {[%clk 01:28:47]} {[%emt 00:04:29]}
11. Bc4 {[%clk 01:21:41]} {[%emt 00:09:35]} Be6 {[%clk 01:28:53]} {[%emt
00:00:23]} 12. Bxf6 {[%clk 01:18:41]} {[%emt 00:03:31]} Qxf6 {[%clk 01:28:30]}
{[%emt 00:00:52]} 13. Nd5 {[%clk 01:18:03]} {[%emt 00:01:09]} Bxd5 {[%clk
01:17:06]} {[%emt 00:11:54]} 14. Qxd5 {[%clk 01:09:58]} {[%emt 00:08:34]} g6
{[%clk 01:12:09]} {[%emt 00:05:27]} 15. Ne3 {[%clk 01:08:30]} {[%emt 00:01:58]}
Kg7 {[%clk 01:08:40]} {[%emt 00:03:58]} 16. c3 {[%clk 01:01:40]} {[%emt
00:07:21]} Rac8 {[%clk 01:00:24]} {[%emt 00:08:46]} 17. O-O {[%clk 00:57:26]}
{[%emt 00:04:45]} Rhf8 {[%clk 00:54:29]} {[%emt 00:06:24]} 18. Rad1 {[%clk
00:55:03]} {[%emt 00:02:53]} Ne7 {[%clk 00:49:58]} {[%emt 00:05:01]} 19. Qd3
{[%clk 00:53:34]} {[%emt 00:02:00]} Qg5 {[%clk 00:43:02]} {[%emt 00:07:26]} 20.
Nd5 {[%clk 00:48:33]} {[%emt 00:05:30]} Nxd5 {[%clk 00:43:08]} {[%emt
00:00:24]} 21. Bxd5 {[%clk 00:47:30]} {[%emt 00:01:33]} Rc7 {[%clk 00:40:26]}
{[%emt 00:03:12]} 22. b4 {[%clk 00:45:27]} {[%emt 00:02:33]} Bb6 {[%clk
00:40:29]} {[%emt 00:00:27]} 23. a4 {[%clk 00:41:36]} {[%emt 00:04:22]} Rfc8
{[%clk 00:36:14]} {[%emt 00:04:44]} 24. c4 {[%clk 00:39:21]} {[%emt 00:02:46]}
a6 {[%clk 00:30:08]} {[%emt 00:06:36]} 25. Kh1 {[%clk 00:33:19]} {[%emt
00:06:31]} Rf8 {[%clk 00:24:26]} {[%emt 00:06:11]} 26. Rb1 {[%clk 00:23:28]}
{[%emt 00:10:22]} f5 {[%clk 00:20:05]} {[%emt 00:04:51]} 27. exf5 {[%clk
00:19:18]} {[%emt 00:04:40]} Qxf5 {[%clk 00:19:10]} {[%emt 00:01:25]} 28. Qxf5
{[%clk 00:18:06]} {[%emt 00:01:43]} gxf5 {[%clk 00:16:49]} {[%emt 00:02:50]}
29. f3 {[%clk 00:17:46]} {[%emt 00:00:51]} Bd4 {[%clk 00:14:45]} {[%emt
00:02:33]} 30. a5 {[%clk 00:12:53]} {[%emt 00:05:23]} Rb8 {[%clk 00:07:50]}
{[%emt 00:07:25]} 31. b5 {[%clk 00:11:52]} {[%emt 00:01:32]} axb5 {[%clk
00:08:11]} {[%emt 00:00:08]} 32. Rxb5 {[%clk 00:12:10]} {[%emt 00:00:12]} b6
{[%clk 00:06:08]} {[%emt 00:02:33]} 33. axb6 {[%clk 00:10:46]} {[%emt
00:01:54]} Rxb6 {[%clk 00:06:12]} {[%emt 00:00:26]} 34. Rxb6 {[%clk 00:10:55]}
{[%emt 00:00:21]} Bxb6 {[%clk 00:06:40]} {[%emt 00:00:01]} 35. Rb1 {[%clk
00:10:52]} {[%emt 00:00:34]} 1/2-1/2

[Event "DEM U18w 2025"]
[Site "Willingen GER"]
[Date "2025.06.11"]
[Round "5"]
[White "Fetahovic, Sarah"]
[Black "Jacobasch, Ronja"]
[Result "1/2-1/2"]
[Termination "normal"]
[Board "5"]
[WhiteElo "1883"]
[BlackElo "1861"]
[WhiteClock "00:02:07"]
[BlackClock "00:03:35"]
[PlyCount "100"]
[WhiteFideId "34601546"]
[BlackFideId "34604340"]
[EventCountry "GER"]
[EventRounds "9"]
[EventType "swiss"]
[EventDate "2025.06.07"]

1. e4 {[%clk 01:30:57]} {[%emt 00:00:03]} d6 {[%clk 01:30:51]} {[%emt
00:00:11]} 2. d4 {[%clk 01:31:18]} {[%emt 00:00:09]} Nf6 {[%clk 01:31:11]}
{[%emt 00:00:09]} 3. Nc3 {[%clk 01:31:37]} {[%emt 00:00:12]} g6 {[%clk
01:31:19]} {[%emt 00:00:21]} 4. Be3 {[%clk 01:31:55]} {[%emt 00:00:11]} c6
{[%clk 01:31:30]} {[%emt 00:00:20]} 5. Qd2 {[%clk 01:29:51]} {[%emt 00:02:34]}
Nbd7 {[%clk 01:29:45]} {[%emt 00:02:16]} 6. h3 {[%clk 01:29:15]} {[%emt
00:01:04]} b5 {[%clk 01:27:30]} {[%emt 00:02:46]} 7. f4 {[%clk 01:28:34]}
{[%emt 00:01:10]} b4 {[%clk 01:18:59]} {[%emt 00:09:02]} 8. Nce2 {[%clk
01:28:39]} {[%emt 00:00:25]} Nxe4 {[%clk 01:15:43]} {[%emt 00:03:46]} 9. Qxb4
{[%clk 01:28:46]} {[%emt 00:00:23]} Nb6 {[%clk 01:04:41]} {[%emt 00:11:33]} 10.
d5 {[%clk 00:50:17]} {[%emt 00:38:59]} cxd5 {[%clk 00:44:33]} {[%emt 00:20:38]}
11. Nc3 {[%clk 00:40:33]} {[%emt 00:10:13]} Nf6 {[%clk 00:33:58]} {[%emt
00:11:05]} 12. Bb5+ {[%clk 00:24:46]} {[%emt 00:16:17]} Bd7 {[%clk 00:31:00]}
{[%emt 00:03:28]} 13. O-O-O {[%clk 00:14:33]} {[%emt 00:10:42]} Bg7 {[%clk
00:27:14]} {[%emt 00:04:18]} 14. Bd4 {[%clk 00:02:54]} {[%emt 00:12:08]} O-O
{[%clk 00:23:23]} {[%emt 00:04:21]} 15. g4 {[%clk 00:03:03]} {[%emt 00:00:21]}
a5 {[%clk 00:20:46]} {[%emt 00:03:07]} 16. Qa3 {[%clk 00:02:25]} {[%emt
00:01:08]} Bxb5 {[%clk 00:19:48]} {[%emt 00:01:29]} 17. Nxb5 {[%clk 00:02:49]}
{[%emt 00:00:05]} Nc4 {[%clk 00:19:07]} {[%emt 00:01:11]} 18. Qd3 {[%clk
00:01:06]} {[%emt 00:02:13]} e5 {[%clk 00:14:15]} {[%emt 00:05:22]} 19. fxe5
{[%clk 00:01:26]} {[%emt 00:00:09]} dxe5 {[%clk 00:14:30]} {[%emt 00:00:15]}
20. Bc5 {[%clk 00:01:53]} {[%emt 00:00:04]} Re8 {[%clk 00:12:32]} {[%emt
00:02:28]} 21. b3 {[%clk 00:02:22]} {[%emt 00:00:01]} e4 {[%clk 00:07:09]}
{[%emt 00:05:54]} 22. Qg3 {[%clk 00:02:51]} {[%emt 00:00:01]} Ne5 {[%clk
00:06:31]} {[%emt 00:01:07]} 23. Bd6 {[%clk 00:02:43]} {[%emt 00:00:38]} Qb6
{[%clk 00:03:24]} {[%emt 00:03:37]} 24. Bxe5 {[%clk 00:01:27]} {[%emt
00:01:47]} Qxb5 {[%clk 00:03:42]} {[%emt 00:00:11]} 25. Qf4 {[%clk 00:01:36]}
{[%emt 00:00:20]} Nh5 {[%clk 00:02:05]} {[%emt 00:02:08]} 26. gxh5 {[%clk
00:01:45]} {[%emt 00:00:21]} Bxe5 {[%clk 00:02:28]} {[%emt 00:00:07]} 27. Qg4
{[%clk 00:01:42]} {[%emt 00:00:33]} Qc5 {[%clk 00:02:31]} {[%emt 00:00:28]} 28.
hxg6 {[%clk 00:01:37]} {[%emt 00:00:34]} fxg6 {[%clk 00:02:23]} {[%emt
00:00:37]} 29. Ne2 {[%clk 00:01:39]} {[%emt 00:00:28]} Qa3+ {[%clk 00:01:25]}
{[%emt 00:01:28]} 30. Kd2 {[%clk 00:02:08]} {[%emt 00:00:02]} Qc5 {[%clk
00:01:19]} {[%emt 00:00:36]} 31. Kc1 {[%clk 00:01:59]} {[%emt 00:00:40]} Rac8
{[%clk 00:01:19]} {[%emt 00:00:30]} 32. c4 {[%clk 00:01:36]} {[%emt 00:00:52]}
Qa3+ {[%clk 00:01:30]} {[%emt 00:00:19]} 33. Kd2 {[%clk 00:01:58]} {[%emt
00:00:08]} Qb2+ {[%clk 00:01:28]} {[%emt 00:00:33]} 34. Ke1 {[%clk 00:02:24]}
{[%emt 00:00:03]} Bc3+ {[%clk 00:01:10]} {[%emt 00:00:48]} 35. Kf1 {[%clk
00:01:19]} {[%emt 00:01:35]} Rf8+ {[%clk 00:01:06]} {[%emt 00:00:35]} 36. Kg2
{[%clk 00:01:48]} {[%emt 00:00:01]} dxc4 {[%clk 00:00:45]} {[%emt 00:00:50]}
37. bxc4 {[%clk 00:02:05]} {[%emt 00:00:13]} Rce8 {[%clk 00:00:53]} {[%emt
00:00:22]} 38. Rhf1 {[%clk 00:02:03]} {[%emt 00:00:31]} Bf6 {[%clk 00:00:52]}
{[%emt 00:00:32]} 39. Rd7 {[%clk 00:00:34]} {[%emt 00:01:58]} Qe5 {[%clk
00:00:45]} {[%emt 00:00:38]} 40. Nf4 {[%clk 00:00:32]} {[%emt 00:00:32]} Qg5
{[%clk 00:00:44]} {[%emt 00:00:31]} 41. Nd5 {[%clk 00:21:13]} {[%emt 00:09:49]}
Qe5 {[%clk 00:18:49]} {[%emt 00:12:24]} 42. Nxf6+ {[%clk 00:03:29]} {[%emt
00:18:15]} Rxf6 {[%clk 00:18:53]} {[%emt 00:00:26]} 43. Qh4 {[%clk 00:03:48]}
{[%emt 00:00:10]} Qb2+ {[%clk 00:15:13]} {[%emt 00:04:11]} 44. Kg3 {[%clk
00:04:07]} {[%emt 00:00:11]} Qc3+ {[%clk 00:15:12]} {[%emt 00:00:31]} 45. Kg2
{[%clk 00:01:43]} {[%emt 00:02:52]} Qc2+ {[%clk 00:13:59]} {[%emt 00:01:44]}
46. Kg3 {[%clk 00:00:49]} {[%emt 00:01:25]} Qc3+ {[%clk 00:11:24]} {[%emt
00:03:05]} 47. Kg2 {[%clk 00:01:11]} {[%emt 00:00:07]} Qb2+ {[%clk 00:08:42]}
{[%emt 00:03:14]} 48. Kg3 {[%clk 00:01:33]} {[%emt 00:00:07]} Qe5+ {[%clk
00:04:56]} {[%emt 00:04:16]} 49. Kg2 {[%clk 00:01:45]} {[%emt 00:00:17]} Qb2+
{[%clk 00:03:24]} {[%emt 00:02:02]} 50. Kg3 {[%clk 00:02:07]} {[%emt 00:00:08]}
Qc3+ {[%clk 00:03:35]} {[%emt 00:00:20]} 1/2-1/2

[Event "DEM U18w 2025"]
[Site "Willingen GER"]
[Date "2025.06.11"]
[Round "5"]
[White "Fischer, Darja"]
[Black "von Beckh, Frieda"]
[Result "1-0"]
[Termination "normal"]
[Board "6"]
[WhiteElo "1965"]
[BlackElo "1799"]
[WhiteClock "00:10:29"]
[BlackClock "00:01:11"]
[PlyCount "61"]
[WhiteFideId "16240898"]
[BlackFideId "16233751"]
[EventCountry "GER"]
[EventRounds "9"]
[EventType "swiss"]
[EventDate "2025.06.07"]

1. d4 {[%clk 01:30:59]} d5 {[%clk 01:30:56]} {[%emt 00:00:05]} 2. c4 {[%clk
01:31:25]} {[%emt 00:00:04]} e6 {[%clk 01:31:21]} {[%emt 00:00:04]} 3. Nc3
{[%clk 01:31:52]} {[%emt 00:00:04]} c5 {[%clk 01:31:45]} {[%emt 00:00:07]} 4.
cxd5 {[%clk 01:32:12]} {[%emt 00:00:08]} exd5 {[%clk 01:32:08]} {[%emt
00:00:07]} 5. Nf3 {[%clk 01:32:35]} {[%emt 00:00:08]} Nc6 {[%clk 01:32:31]}
{[%emt 00:00:06]} 6. dxc5 {[%clk 01:32:58]} {[%emt 00:00:08]} d4 {[%clk
01:32:51]} {[%emt 00:00:10]} 7. Na4 {[%clk 01:33:20]} {[%emt 00:00:08]} Bxc5
{[%clk 01:30:32]} {[%emt 00:02:48]} 8. Nxc5 {[%clk 01:33:47]} {[%emt 00:00:04]}
Qa5+ {[%clk 01:30:56]} {[%emt 00:00:06]} 9. Bd2 {[%clk 01:34:09]} {[%emt
00:00:07]} Qxc5 {[%clk 01:31:21]} {[%emt 00:00:05]} 10. Rc1 {[%clk 01:34:35]}
{[%emt 00:00:04]} Qb6 {[%clk 01:29:08]} {[%emt 00:02:43]} 11. e3 {[%clk
01:34:25]} {[%emt 00:00:40]} Nf6 {[%clk 01:18:19]} {[%emt 00:11:18]} 12. Bc4
{[%clk 01:31:44]} {[%emt 00:03:12]} O-O {[%clk 01:17:00]} {[%emt 00:01:48]} 13.
O-O {[%clk 01:31:22]} {[%emt 00:00:53]} Bg4 {[%clk 01:10:21]} {[%emt 00:07:08]}
14. exd4 {[%clk 01:29:00]} {[%emt 00:02:54]} Bxf3 {[%clk 01:04:43]} {[%emt
00:06:08]} 15. Qxf3 {[%clk 01:18:01]} {[%emt 00:11:29]} Nxd4 {[%clk 01:03:42]}
{[%emt 00:01:30]} 16. Qh3 {[%clk 01:02:56]} {[%emt 00:15:35]} Rad8 {[%clk
00:52:28]} {[%emt 00:11:43]} 17. Bc3 {[%clk 00:50:27]} {[%emt 00:12:59]} Rfe8
{[%clk 00:44:03]} {[%emt 00:08:55]} 18. Rce1 {[%clk 00:43:39]} {[%emt
00:07:18]} h6 {[%clk 00:41:07]} {[%emt 00:03:26]} 19. Qh4 {[%clk 00:36:15]}
{[%emt 00:07:55]} Rxe1 {[%clk 00:22:34]} {[%emt 00:19:03]} 20. Rxe1 {[%clk
00:36:30]} {[%emt 00:00:16]} Qc5 {[%clk 00:21:21]} {[%emt 00:01:42]} 21. Bb3
{[%clk 00:24:32]} {[%emt 00:12:28]} Nxb3 {[%clk 00:16:48]} {[%emt 00:05:03]}
22. Bxf6 {[%clk 00:18:25]} {[%emt 00:06:37]} gxf6 {[%clk 00:17:09]} {[%emt
00:00:08]} 23. axb3 {[%clk 00:18:10]} {[%emt 00:00:45]} Qf5 {[%clk 00:07:18]}
{[%emt 00:10:20]} 24. Qxh6 {[%clk 00:13:46]} {[%emt 00:04:55]} Qe4 {[%clk
00:06:14]} {[%emt 00:01:35]} 25. Qc1 {[%clk 00:13:35]} {[%emt 00:00:41]} Qd3
{[%clk 00:04:57]} {[%emt 00:01:47]} 26. h3 {[%clk 00:12:28]} {[%emt 00:01:36]}
Qxb3 {[%clk 00:03:32]} {[%emt 00:01:56]} 27. Qf4 {[%clk 00:11:40]} {[%emt
00:01:17]} Qxb2 {[%clk 00:03:09]} {[%emt 00:00:54]} 28. Re3 {[%clk 00:10:52]}
{[%emt 00:01:19]} Qa1+ {[%clk 00:01:38]} {[%emt 00:02:00]} 29. Kh2 {[%clk
00:11:03]} {[%emt 00:00:18]} Qd4 {[%clk 00:01:56]} {[%emt 00:00:11]} 30. Qh6
{[%clk 00:10:29]} {[%emt 00:01:06]} Rd5 {[%clk 00:01:11]} {[%emt 00:01:15]} 31.
Re8# {[%emt 00:00:37]} 1-0

[Event "DEM U18w 2025"]
[Site "Willingen GER"]
[Date "2025.06.11"]
[Round "5"]
[White "Malmström, Eva"]
[Black "Englert, Lin"]
[Result "1/2-1/2"]
[Termination "normal"]
[Board "7"]
[WhiteElo "1929"]
[BlackElo "1797"]
[WhiteClock "00:16:55"]
[BlackClock "00:35:37"]
[PlyCount "91"]
[WhiteFideId "34607072"]
[BlackFideId "16226410"]
[EventCountry "GER"]
[EventRounds "9"]
[EventType "swiss"]
[EventDate "2025.06.07"]

1. e4 {[%clk 01:30:59]} {[%emt 15:48:03]} c5 {[%clk 01:30:54]} {[%emt
00:00:06]} 2. Be2 {[%clk 01:31:19]} {[%emt 00:00:10]} Nc6 {[%clk 01:31:18]}
{[%emt 00:00:06]} 3. f4 {[%clk 01:31:42]} {[%emt 00:00:07]} g6 {[%clk
01:31:14]} {[%emt 00:00:34]} 4. d3 {[%clk 01:31:48]} {[%emt 00:00:25]} Bg7
{[%clk 01:31:21]} {[%emt 00:00:23]} 5. Nf3 {[%clk 01:31:57]} {[%emt 00:00:20]}
Nf6 {[%clk 01:30:29]} {[%emt 00:01:21]} 6. O-O {[%clk 01:31:46]} {[%emt
00:00:41]} d6 {[%clk 01:30:27]} {[%emt 00:00:33]} 7. c3 {[%clk 01:31:39]}
{[%emt 00:00:36]} O-O {[%clk 01:30:03]} {[%emt 00:00:55]} 8. Qe1 {[%clk
01:31:16]} {[%emt 00:00:52]} Rb8 {[%clk 01:26:42]} {[%emt 00:03:51]} 9. a4
{[%clk 01:29:32]} {[%emt 00:02:15]} a6 {[%clk 01:25:09]} {[%emt 00:02:03]} 10.
Qh4 {[%clk 01:29:20]} {[%emt 00:00:41]} b5 {[%clk 01:23:50]} {[%emt 00:01:49]}
11. axb5 {[%clk 01:27:06]} {[%emt 00:02:45]} axb5 {[%clk 01:24:10]} {[%emt
00:00:10]} 12. Kh1 {[%clk 01:19:49]} {[%emt 00:07:46]} b4 {[%clk 01:22:02]}
{[%emt 00:02:39]} 13. c4 {[%clk 01:07:03]} {[%emt 00:13:16]} Bd7 {[%clk
01:03:58]} {[%emt 00:18:33]} 14. Rg1 {[%clk 00:57:38]} {[%emt 00:09:56]} Qc8
{[%clk 00:59:42]} {[%emt 00:04:46]} 15. h3 {[%clk 00:56:51]} {[%emt 00:01:16]}
e5 {[%clk 00:58:59]} {[%emt 00:01:13]} 16. g4 {[%clk 00:56:10]} {[%emt
00:01:11]} exf4 {[%clk 00:55:17]} {[%emt 00:04:12]} 17. Bxf4 {[%clk 00:48:23]}
{[%emt 00:08:18]} Qc7 {[%clk 00:51:43]} {[%emt 00:04:04]} 18. Nbd2 {[%clk
00:46:57]} {[%emt 00:01:56]} Ne5 {[%clk 00:41:09]} {[%emt 00:11:03]} 19. Qg3
{[%clk 00:41:39]} {[%emt 00:05:48]} Ne8 {[%clk 00:39:12]} {[%emt 00:02:28]} 20.
Nxe5 {[%clk 00:25:44]} {[%emt 00:16:24]} Bxe5 {[%clk 00:39:00]} {[%emt
00:00:42]} 21. Bxe5 {[%clk 00:26:11]} {[%emt 00:00:03]} dxe5 {[%clk 00:39:10]}
{[%emt 00:00:20]} 22. h4 {[%clk 00:25:51]} {[%emt 00:00:50]} Ng7 {[%clk
00:33:28]} {[%emt 00:06:12]} 23. Nf3 {[%clk 00:16:45]} {[%emt 00:09:35]} Rfe8
{[%clk 00:30:47]} {[%emt 00:03:12]} 24. Ra6 {[%clk 00:15:30]} {[%emt 00:01:45]}
Bc8 {[%clk 00:26:50]} {[%emt 00:04:26]} 25. Ra2 {[%clk 00:11:55]} {[%emt
00:04:04]} Ne6 {[%clk 00:23:17]} {[%emt 00:04:05]} 26. Rga1 {[%clk 00:07:14]}
{[%emt 00:05:12]} Nf4 {[%clk 00:21:40]} {[%emt 00:02:06]} 27. Bf1 {[%clk
00:07:21]} {[%emt 00:00:24]} Rd8 {[%clk 00:20:18]} {[%emt 00:01:50]} 28. Ne1
{[%clk 00:06:13]} {[%emt 00:01:39]} Qd7 {[%clk 00:19:05]} {[%emt 00:01:43]} 29.
g5 {[%clk 00:06:29]} {[%emt 00:00:14]} Bb7 {[%clk 00:14:10]} {[%emt 00:05:25]}
30. Kh2 {[%clk 00:04:12]} {[%emt 00:02:47]} Ra8 {[%clk 00:12:44]} {[%emt
00:01:57]} 31. Rxa8 {[%clk 00:03:11]} {[%emt 00:01:31]} Rxa8 {[%clk 00:13:12]}
{[%emt 00:00:01]} 32. Rxa8+ {[%clk 00:03:40]} Bxa8 {[%clk 00:13:41]} 33. Ng2
{[%clk 00:03:29]} {[%emt 00:00:41]} Nxg2 {[%clk 00:13:32]} {[%emt 00:00:40]}
34. Bxg2 {[%clk 00:02:55]} {[%emt 00:01:03]} Qe7 {[%clk 00:12:32]} {[%emt
00:01:29]} 35. Qh3 {[%clk 00:01:56]} {[%emt 00:01:30]} Qe6 {[%clk 00:10:40]}
{[%emt 00:02:22]} 36. Qxe6 {[%clk 00:00:55]} {[%emt 00:01:32]} fxe6 {[%clk
00:11:05]} {[%emt 00:00:05]} 37. Bf3 {[%clk 00:00:54]} {[%emt 00:00:31]} Bc6
{[%clk 00:10:58]} {[%emt 00:00:36]} 38. Kg3 {[%clk 00:00:55]} {[%emt 00:00:29]}
Kf7 {[%clk 00:10:20]} {[%emt 00:01:08]} 39. Kg4 {[%clk 00:00:42]} {[%emt
00:00:44]} Ba4 {[%clk 00:10:28]} {[%emt 00:00:21]} 40. Kg3 {[%clk 00:00:40]}
{[%emt 00:00:33]} Ke7 {[%clk 00:10:34]} {[%emt 00:00:23]} 41. h5 {[%clk
00:00:35]} {[%emt 00:00:34]} Kd6 {[%clk 00:09:58]} {[%emt 00:01:07]} 42. Kf2
{[%clk 00:28:14]} {[%emt 00:02:51]} Kc7 {[%clk 00:39:36]} {[%emt 00:00:52]} 43.
Ke3 {[%clk 00:26:35]} {[%emt 00:02:09]} Kb6 {[%clk 00:37:05]} {[%emt 00:03:02]}
44. Kd2 {[%clk 00:25:37]} {[%emt 00:01:27]} Ka5 {[%clk 00:36:58]} {[%emt
00:00:35]} 45. Ke3 {[%clk 00:19:29]} {[%emt 00:06:39]} Kb6 {[%clk 00:35:37]}
{[%emt 00:01:53]} 46. Kd2 {[%clk 00:16:55]} {[%emt 00:03:04]} 1/2-1/2

[Event "DEM U18w 2025"]
[Site "Willingen GER"]
[Date "2025.06.11"]
[Round "5"]
[White "Loos, Tilda"]
[Black "Reich, Elisabeth"]
[Result "1/2-1/2"]
[Termination "normal"]
[Board "8"]
[WhiteElo "1779"]
[BlackElo "1830"]
[WhiteClock "01:04:14"]
[BlackClock "00:52:20"]
[PlyCount "45"]
[WhiteFideId "34620559"]
[BlackFideId "16239776"]
[EventCountry "GER"]
[EventRounds "9"]
[EventType "swiss"]
[EventDate "2025.06.07"]

1. e4 {[%clk 01:30:59]} c5 {[%clk 01:30:55]} {[%emt 00:00:07]} 2. c3 {[%clk
01:31:26]} {[%emt 00:00:02]} Nf6 {[%clk 01:31:14]} {[%emt 00:00:11]} 3. e5
{[%clk 01:31:50]} {[%emt 00:00:06]} Nd5 {[%clk 01:31:39]} {[%emt 00:00:04]} 4.
Bc4 {[%clk 01:31:51]} {[%emt 00:00:29]} Nb6 {[%clk 01:31:45]} {[%emt 00:00:25]}
5. Bb3 {[%clk 01:32:15]} {[%emt 00:00:06]} c4 {[%clk 01:32:06]} {[%emt
00:00:08]} 6. Bc2 {[%clk 01:32:40]} {[%emt 00:00:05]} Nc6 {[%clk 01:32:29]}
{[%emt 00:00:07]} 7. Nf3 {[%clk 01:33:03]} {[%emt 00:00:07]} d6 {[%clk
01:32:47]} {[%emt 00:00:11]} 8. exd6 {[%clk 01:31:39]} {[%emt 00:01:55]} Qxd6
{[%clk 01:33:16]} {[%emt 00:00:02]} 9. O-O {[%clk 01:31:45]} {[%emt 00:00:23]}
Bg4 {[%clk 01:33:06]} {[%emt 00:00:39]} 10. h3 {[%clk 01:31:58]} {[%emt
00:00:18]} Bh5 {[%clk 01:33:24]} {[%emt 00:00:12]} 11. Qe2 {[%clk 01:25:56]}
{[%emt 00:06:33]} e6 {[%clk 01:29:06]} {[%emt 00:04:45]} 12. d3 {[%clk
01:24:37]} {[%emt 00:01:51]} Qd5 {[%clk 01:14:21]} {[%emt 00:15:12]} 13. Nbd2
{[%clk 01:22:00]} {[%emt 00:03:10]} cxd3 {[%clk 01:08:03]} {[%emt 00:06:48]}
14. Bxd3 {[%clk 01:22:11]} {[%emt 00:00:20]} Be7 {[%clk 01:07:03]} {[%emt
00:01:28]} 15. c4 {[%clk 01:15:33]} {[%emt 00:07:09]} Qd7 {[%clk 01:06:45]}
{[%emt 00:00:47]} 16. a3 {[%clk 01:12:56]} {[%emt 00:03:09]} Rd8 {[%clk
01:04:45]} {[%emt 00:02:28]} 17. Be4 {[%clk 01:10:44]} {[%emt 00:02:43]} Nd4
{[%clk 01:02:27]} {[%emt 00:02:47]} 18. Qe3 {[%clk 01:08:45]} {[%emt 00:02:30]}
Bxf3 {[%clk 01:01:37]} {[%emt 00:01:20]} 19. Nxf3 {[%clk 01:05:06]} {[%emt
00:04:09]} Nxc4 {[%clk 00:51:46]} {[%emt 00:10:21]} 20. Qxd4 {[%clk 01:04:26]}
{[%emt 00:01:10]} Qxd4 {[%clk 00:52:15]} {[%emt 00:00:01]} 21. Nxd4 {[%clk
01:04:54]} {[%emt 00:00:02]} Rxd4 {[%clk 00:52:44]} 22. Bxb7 {[%clk 01:04:51]}
{[%emt 00:00:34]} O-O {[%clk 00:52:20]} {[%emt 00:00:53]} 23. Ba6 {[%clk
01:04:14]} {[%emt 00:01:07]} 1/2-1/2

[Event "DEM U18w 2025"]
[Site "Willingen GER"]
[Date "2025.06.11"]
[Round "5"]
[White "Busch, Lara Sophie"]
[Black "Voigt, Anastasia"]
[Result "1-0"]
[Termination "normal"]
[Board "9"]
[WhiteElo "1597"]
[BlackElo "1986"]
[WhiteClock "00:25:55"]
[BlackClock "00:36:02"]
[PlyCount "45"]
[WhiteFideId "34664866"]
[BlackFideId "16235223"]
[EventCountry "GER"]
[EventRounds "9"]
[EventType "swiss"]
[EventDate "2025.06.07"]

1. e4 {[%clk 01:30:58]} {[%emt 00:00:02]} e5 {[%clk 01:30:54]} {[%emt
00:00:06]} 2. Nf3 {[%clk 01:31:22]} {[%emt 00:00:06]} Nc6 {[%clk 01:31:20]}
{[%emt 00:00:04]} 3. Bc4 {[%clk 01:31:40]} {[%emt 00:00:12]} Bc5 {[%clk
01:31:46]} {[%emt 00:00:04]} 4. c3 {[%clk 01:31:59]} {[%emt 00:00:12]} Nf6
{[%clk 01:32:11]} {[%emt 00:00:05]} 5. d3 {[%clk 01:32:10]} {[%emt 00:00:18]}
d6 {[%clk 01:32:31]} {[%emt 00:00:10]} 6. Bb3 {[%clk 01:32:20]} {[%emt
00:00:20]} a6 {[%clk 01:32:46]} {[%emt 00:00:15]} 7. O-O {[%clk 01:32:18]}
{[%emt 00:00:32]} Ba7 {[%clk 01:33:02]} {[%emt 00:00:14]} 8. Re1 {[%clk
01:32:03]} {[%emt 00:00:44]} O-O {[%clk 01:31:44]} {[%emt 00:01:49]} 9. h3
{[%clk 01:31:41]} {[%emt 00:00:52]} h6 {[%clk 01:32:02]} {[%emt 00:00:13]} 10.
Nbd2 {[%clk 01:31:56]} {[%emt 00:00:14]} Nh5 {[%clk 01:31:58]} 11. Nf1 {[%clk
01:31:22]} {[%emt 00:01:38]} Qf6 {[%clk 01:31:38]} 12. Be3 {[%clk 01:30:10]}
{[%emt 00:02:33]} Bxe3 {[%clk 01:30:35]} 13. fxe3 {[%clk 01:29:11]} {[%emt
00:03:00]} Qg6 {[%clk 01:26:18]} 14. Kh1 {[%clk 01:21:21]} {[%emt 00:13:08]}
Kh8 {[%emt 00:13:43]} 15. g4 {[%clk 01:10:50]} {[%emt 00:06:32]} Nf6 {[%clk
00:53:59]} {[%emt 00:24:05]} 16. Qe2 {[%clk 00:49:51]} {[%emt 00:26:32]} h5
{[%clk 00:46:18]} {[%emt 00:05:09]} 17. g5 {[%clk 00:44:44]} {[%emt 00:05:36]}
Nh7 {[%clk 00:42:34]} {[%emt 00:04:14]} 18. Qg2 {[%clk 00:39:26]} {[%emt
00:05:49]} f6 {[%clk 00:35:22]} {[%emt 00:07:41]} 19. Nh4 {[%clk 00:32:36]}
{[%emt 00:07:20]} Qe8 {[%clk 00:35:47]} {[%emt 00:00:06]} 20. g6 {[%clk
00:30:44]} {[%emt 00:02:22]} Ng5 {[%emt 00:01:49]} 21. Qe2 Be6 {[%clk
00:35:36]} {[%emt 00:00:10]} 22. Qxh5+ {[%clk 00:28:42]} {[%emt 00:02:13]} Kg8
{[%clk 00:36:02]} {[%emt 00:00:03]} 23. Nf3 {[%clk 00:25:55]} {[%emt 00:03:18]}
1-0